1299 1777 1875 1992 1573 1874 1749 1044 1301 1155 1264 1898 1791 1573 1904 1752 1582 1580 1298 1558 1699 1410 1545 1715 1899 1045 1924 1827 1205 1888 1770 1311 1167 1808 1462 1337 1797 1609 1201 1187 1194 1263 1175 1833 1488 1488 1361 1610 1690 1995 1783 1313 1078 1922 1247 1379 1342 1560 1732 1898 1114 1478 1185 1003 1505 1027 1329 1868 1263 1687 1898 1953 1709 1757 1905 1661 1040 1494 1226 1101 1495 1018 1469 1232 1675 1243 1985 1812 1708 1134 1224 1632 1934 1491 1624 1891 1720 1944 1796 BCNSPRNW ULIB Ver.6.0+V

เปลี่ยนเป็นภาษาไทย

Change to English
 แสดงรายละเอียดบรรณานุกรม
  กลับหน้าหลัก

Brief Record : Get Marc (ISO 2709) : E-mail record : QR code < ปิดหน้าต่าง
LEADER : 00000nam 2200000uu 4500
001    13399112254
003     ULIB
008    110209s2537||||th 000 0 tha d
060 04 WQ305^bพ664ข 2537
100 0  พิชัย เจริญพานิช
245 00 ขบวนการคลอด สรีรภาพ ปัญหา และแนวทางแก้ไข /^cพิชัย เจริญพานิช
250    พิมพ์ครั้งที่ 1
260    กรุงเทพฯ :^bเซ็นจูรี่,^c2537
300    [13], 661 หน้า :^bภาพประกอบ ;^c26 ซม.
650  7 การคลอด
650  7 Paracrine system
650  7 Parturition physiology and problems
945    ^p0^l0^i003245
945    ^p0^l0^i003246
945    ^p0^l0^i003247
945    ^p0^l0^i003248
945    ^p0^l0^i003249
945    ^p0^l0^i003250
945    ^p0^l0^i004409
945    ^p0^l0^i004410
945    ^p0^l0^i004411
945    ^p0^l0^i006621
945    ^p0^l0^i006622
945    ^p0^l0^i006623
945    ^p0^l0^i006624
945    ^p0^l0^i006625
995    ทศพร
999 ^a ใช้งานได้ทุกระบบ
รายการนี้ยังไม่มีแท็ก
คุณยังไม่ได้ล็อกอิน คุณสามารถมีกิจกรรมร่วมกับเว็บไซต์ได้ แต่ต้องล็อกอินก่อน ::
  ล็อกอิน

รายการสื่อสารสนเทศ

ลำดับที่ ประเภท เลขเรียก/บาร์โค้ด สถานที่ สถานะ
- ไม่พบข้อมูล -

รายการใกล้เคียง
    หัวเรื่อง [การคลอด]

BibComment


ยังไม่เคยถูกคอมเมนท์

คอมเมนท์ทรัพยากรรายการนี้
  คอมเมนท์: ขบวนการคลอด สรีรภ..


 Copyright 2026. Bcnsprnw @Library